Les Meilleurs buteurs de la Bundesliga 2021-2022 - Statistiques

Statistiques générales
  • Ce quiz a été pris 33 fois
  • Le résultat moyen est 6 sur 10
Statistiques - réponses
Buts Nationalité Club Joueur % Correct
22 Norvège Borussia Dortmund Erling Braut Haaland
100%
35 Pologne Bayern Munich Robert Lewandowski
100%
20 France RB Leipzig Christopher Nkunku
90%
24 Tchéquie Bayer Leverkusen Patrik Schick
87%
20 France FC Cologne Anthony Modeste
74%
14 Allemagne Bayern Munich Serge Gnabry
74%
13 France Bayer Leverkusen Moussa Diaby
55%
12 Allemagne Borussia Mönchengladbach Jonas Hofmann
16%
15 Nigeria Union Berlin Taiwo Awoniyi
13%
12 Allemagne VfL Wolfsbur Max Kruse
10%
Aucun quiz correspondant
Distribution des résultats
% des personnes avec chaque résultat
Percentile par nombre de réponses
Votre historique - résultats
Vous n’avez pas pris ce quiz